[Event "Internatonal Open"]
[Site "Sydney AUS"]
[Date "2008.03.28"]
[Round "6"]
[White "Swiercz,D"]
[Black "Illingworth,M"]
[Result "1-0"]
[WhiteElo "2315"]
[BlackElo "2152"]

1.d4 d5 2.c4 Nc6 3.Nf3 Bg4 4.Nc3 e6 5.e3 Nf6 6.a3 dxc4 7.Bxc4 Bd6 8.h3 Bxf3
9.Qxf3 O-O 10.O-O e5 11.d5 Ne7 12.e4 Ng6 13.g3 Qd7 14.Kg2 Ne8 15.Bb5 Qc8
16.Bd3 Ne7 17.Re1 g6 18.Bh6 Ng7 19.Qf6 Nh5 20.Qh4 Ng7 21.Bg5 Qd7 22.Bb5 c6
23.dxc6 bxc6 24.Bc4 Qc7 25.Red1 Rfe8 26.Rac1 Nc8 27.Bb5 f6 28.Nd5 fxg5 29.Nxc7 gxh4
30.Nxe8 cxb5 31.Nxd6 Nxd6 32.Rxd6 hxg3 33.fxg3 a5 34.Rdc6 Kf7 35.Rc7+ Kf6
36.Rf1+  1-0

[Event "FKB ch-USA Qualifier"]
[Site "Tulsa USA"]
[Date "2008.03.28"]
[Round "1"]
[White "Ippolito,D"]
[Black "Smith,Ga"]
[Result "1-0"]
[WhiteElo "2417"]
[BlackElo "2158"]

1.d4 d5 2.c4 Nc6 3.cxd5 Qxd5 4.e3 e5 5.Nc3 Bb4 6.Bd2 Bxc3 7.Bxc3 exd4 8.Ne2 Bg4
9.f3 O-O-O 10.Nxd4 Nf6 11.Qa4 Qg5 12.Nxc6 Qxe3+ 13.Be2 bxc6 14.Bxf6 Rhe8
15.Qxg4+ Rd7 16.f4 gxf6 17.Kf1 Re4 18.g3 f5 19.Qf3 Rd2 20.Qxe3 Rxe3 21.Re1 Re4
22.Rg1 Rxb2 23.Rg2 Kd8 24.Rd1+ Ke7 25.Bf3 Rxg2 26.Bxg2 Rc4 27.Rd2 c5 28.Bc6 Rd4
29.Rxd4 cxd4 30.Ke2 Kd6 31.Be8 f6 32.Kd3 c5 33.Bf7 h6 34.Kc4 a6 35.Bh5  1-0

[Event "Spring Festival"]
[Site "Budapest HUN"]
[Date "2008.03.29"]
[Round "9"]
[White "Yrjola,J"]
[Black "Lyell,M"]
[Result "1/2-1/2"]
[WhiteElo "2376"]
[BlackElo "2221"]

1.d4 d5 2.c4 Nc6 3.Nc3 dxc4 4.Nf3 Nf6 5.e3 e5 6.Bxc4 exd4 7.exd4 Bd6 8.O-O O-O
9.h3 h6 10.Re1 a6 11.a3 Bf5 12.Ne5 Bxe5 13.dxe5 Qxd1 14.Nxd1 Nd7 15.f4 Nb6
16.Ba2  1/2-1/2

[Event "Sozina Open"]
[Site "Bar MNE"]
[Date "2008.03.31"]
[Round "4"]
[White "Rajkovic,Du"]
[Black "Miladinovic,I"]
[Result "0-1"]
[WhiteElo "2494"]
[BlackElo "2604"]

1.d4 d5 2.c4 Nc6 3.Nf3 Bg4 4.cxd5 Bxf3 5.dxc6 Bxc6 6.Nc3 e6 7.e4 Bb4 8.f3 Qh4+
9.g3 Qf6 10.Be3 O-O-O 11.Bg2 Ba5 12.Qd2 Qg6 13.O-O-O f5 14.e5 Ne7 15.Bg5 Qe8
16.f4 Rxd4 17.Qxd4 Bxg2 18.Qxa7 b6 19.Bxe7 Qxe7 20.Qa6+ Bb7 21.Qc4 Bxc3 22.bxc3 Qa3+
23.Kb1 Be4+ 24.Ka1 Bxh1 25.Rxh1 Kb7 26.Kb1 Rd8 27.Kc2 Rd5 28.Rd1 Rc5 29.Qb3 Qa6
30.Qxe6 Qe2+ 31.Rd2 Qe4+ 32.Rd3 g5 33.fxg5 Rxe5 34.Qd7 Qc4 35.Kb2 Rb5+ 36.Kc1 Qc5
37.Kc2 Qc4 38.Kc1 Qa4 39.Rd2 Qa3+ 40.Kd1 Rc5 41.Rc2 Re5 42.Qd4 Qe7 43.Kc1 Qxg5+
44.Qd2 Qe7 45.Kb1 Ka7 46.Kb2 Rb5+ 47.Ka1 Qe4 48.Rc1 h5 49.Re1 Qc6 50.Qc2 Qc4
51.Rc1 h4 52.Qf2 Rc5 53.gxh4 f4 54.Qf3 Re5 55.Rc2 Re1+ 56.Kb2 Qb5+ 57.Ka3 Rb1  0-1

[Event "Sozina Open"]
[Site "Bar MNE"]
[Date "2008.04.05"]
[Round "9"]
[White "Miron,L"]
[Black "Vojinovic,J"]
[Result "1-0"]
[WhiteElo "2408"]
[BlackElo "2207"]

1.d4 d5 2.c4 Nc6 3.Nc3 Nf6 4.Nf3 dxc4 5.e4 Bg4 6.d5 Ne5 7.Bf4 Ng6 8.Be3 e5
9.Bxc4 Bd6 10.h3 Bd7 11.O-O a6 12.a3 O-O 13.Rc1 b5 14.Bb3 h6 15.Ne1 Rc8 16.Nd3 Qe7
17.Qf3 c5 18.dxc6 Bxc6 19.Rfd1 a5 20.Qg3 Kh7 21.f3 b4 22.axb4 axb4 23.Na4 Nf4
24.Bxf4 exf4 25.Qf2 Bb8 26.Kh2 Bb5 27.Rxc8 Rxc8 28.Nb6 Rd8 29.Nd5 Nxd5 30.exd5 Bd6
31.Qc2 Kg8 32.Bc4 Rc8 33.b3 Qg5 34.Qa2 Bd7 35.Nf2 Re8 36.Kh1 Qh5 37.Bd3 Bc5
38.Qc2 Be3 39.Qc7 Bc8 40.Qc6 f5 41.Bb5 Rd8 42.Nd3 Bd7 43.Qc7 Qe8 44.Bc4 Rb8
45.Ne5 Rd8 46.d6+ Kh7 47.Nf7  1-0

[Event "ch-SRB w"]
[Site "Kac SRB"]
[Date "2008.04.09"]
[Round "11"]
[White "Djukic,Sa"]
[Black "Stojanovic,An"]
[Result "0-1"]
[WhiteElo "2204"]
[BlackElo "2310"]

1.d4 d5 2.c4 Nc6 3.cxd5 Qxd5 4.e3 e5 5.Nc3 Bb4 6.Bd2 Bxc3 7.bxc3 Nf6 8.Ne2 O-O
9.c4 Qd6 10.d5 Ne7 11.Qb3 a5 12.Nc3 c6 13.e4 b5 14.cxb5 cxd5 15.exd5 Nexd5
16.Rd1 Bg4 17.f3 Be6 18.Bc4 Nxc3 19.Bxc3 Qc5 20.Bxe6 Ne4 21.Bd4 exd4 22.Bd5 Nc3
23.Bxa8 Rxa8 24.O-O d3+ 25.Kh1 a4 26.Qb2 Nxd1 27.Rxd1 Qc2 28.Qa1 d2 29.b6 Re8
30.Rf1 Rd8 31.Rd1 Rd6 32.b7 Rb6 33.Kg1 Rxb7 34.Kf2 Rb2 35.a3 h5 36.Ke2 g6
37.g3 Qc4+ 38.Kf2 Qc5+ 39.Ke2 Rb3 40.Qf6 Qe3+ 41.Kf1 Qxf3+ 42.Qxf3 Rxf3+
43.Ke2 Rxa3 44.Rxd2 Ra1 45.Rd8+ Kg7 46.Ra8 Ra2+ 47.Kf3 Rxh2 48.Rxa4 Rb2 49.Ra6 g5
50.Rc6 f6 51.Ra6 Kg6 52.Ra5 g4+ 53.Ke3 Rg2  0-1

[Event "Gausdal Classics GMB"]
[Site "Gausdal NOR"]
[Date "2008.04.14"]
[Round "7"]
[White "Grotnes,N"]
[Black "Peek,Mar"]
[Result "0-1"]
[WhiteElo "2256"]
[BlackElo "2389"]

1.d4 d5 2.c4 Nc6 3.Nf3 Bg4 4.Bf4 e6 5.e3 Bb4+ 6.Nc3 Nge7 7.h3 Bxf3 8.Qxf3 O-O
9.Rc1 e5 10.Bxe5 Nxe5 11.dxe5 d4 12.exd4 Qxd4 13.Be2 Qxe5 14.a3 Bd6 15.b4 c6
16.Ne4 Rad8 17.Ng3 Qb2 18.O-O Bxg3 19.fxg3 Rd2 20.Rb1 Qd4+ 21.Kh2 Nf5 22.Rb3 Qe5
23.Bd1 Nh4 24.Qe3 Qxe3 25.Rxe3 Nxg2 26.Re2 Ne3 27.Rf3 Rxe2+ 28.Bxe2 Re8 29.Bd3 g6
30.g4 Nc2 31.Rf2 Nd4 32.Rf4 Ne6 33.Re4 Rd8 34.Re3 Rd4 35.Kg3 Kg7 36.h4 h6
37.Bf1 g5 38.hxg5 hxg5 39.a4 Kf6 40.a5 Nf4 41.b5 cxb5 42.cxb5 b6 43.a6 Rd1
44.Kf2 Rd2+ 45.Kg3 Rd1 46.Kf2 Rc1 47.Re8 Rc7 48.Kf3 Ne6 49.Ke3 Rc3+ 50.Kd2 Rc7
51.Bd3 Ke5 52.Bf5 Kd6 53.Kd3 Kc5 54.Bxe6 fxe6 55.Rg8 Kxb5  0-1

[Event "Copenhagen Chess Challenge"]
[Site "Ballerup DEN"]
[Date "2008.04.17"]
[Round "3"]
[White "Tikkanen,H"]
[Black "Olsson,Li"]
[Result "1/2-1/2"]
[WhiteElo "2437"]
[BlackElo "2372"]

1.d4 d5 2.c4 Nc6 3.Nf3 Bg4 4.Nc3 e6 5.cxd5 exd5 6.Qb3 Bb4 7.Ne5 Bxc3+ 8.Qxc3 Nxe5
9.dxe5 Qd7 10.e3 Ne7 11.b3 O-O-O 12.Bb2 Rhe8 13.Rc1 Kb8 14.Qb4 Nc6 15.Rxc6 Qxc6
16.Qxg4 Qc2 17.Ba1 Qxa2 18.Qd1 Qa5+ 19.b4 Qxb4+ 20.Qd2 Qb1+ 21.Qd1 Qb4+ 22.Qd2 Qb1+
23.Qd1 Qb4+  1/2-1/2

[Event "Copenhagen Chess Challenge"]
[Site "Ballerup DEN"]
[Date "2008.04.20"]
[Round "8"]
[White "Peschardt,S"]
[Black "Brynell,S"]
[Result "0-1"]
[WhiteElo "2130"]
[BlackElo "2461"]

1.d4 d5 2.c4 Nc6 3.e3 e5 4.cxd5 Qxd5 5.Nc3 Bb4 6.Bd2 Bxc3 7.bxc3 Nf6 8.c4 Qd6
9.d5 Nb8 10.Qc2 O-O 11.Rb1 Na6 12.Bd3 Nc5 13.Bf5 e4 14.Bxc8 Raxc8 15.Nh3 Nd3+
16.Ke2 c6 17.dxc6 Rxc6 18.Rxb7 Rfc8 19.Rhb1 Qxh2 20.Nf4 Nxf4+ 21.exf4 Qxg2
22.Rxa7 Ng4 23.Be1 Qf3+ 24.Kd2 Qxf4+ 25.Kd1 Rd6+ 26.Ke2 Qf3+ 27.Kf1 Ne3+
28.Kg1 Qg2+  0-1

[Event "IX EICC"]
[Site "Plovdiv BUL"]
[Date "2008.04.22"]
[Round "2"]
[White "Werle,J"]
[Black "Bosiocic,Mari"]
[Result "1-0"]
[WhiteElo "2581"]
[BlackElo "2503"]

1.d4 d5 2.c4 Nc6 3.Nc3 Nf6 4.Nf3 Bf5 5.e3 e6 6.a3 dxc4 7.Bxc4 Bd6 8.h3 h6
9.b4 Ne7 10.Bb2 Ned5 11.Nd2 a5 12.b5 Nxc3 13.Bxc3 Nd5 14.Bb2 Qh4 15.Nf3 Nb6
16.Ba2  1-0

[Event "IX EICC"]
[Site "Plovdiv BUL"]
[Date "2008.04.30"]
[Round "9"]
[White "Sargissian,G"]
[Black "Miladinovic,I"]
[Result "1-0"]
[WhiteElo "2643"]
[BlackElo "2579"]

1.d4 d5 2.c4 Nc6 3.Nc3 Nf6 4.Nf3 Bf5 5.cxd5 Nxd5 6.Qb3 e6 7.e4 Nxc3 8.exf5 Nd5
9.Bd2 Qd6 10.Qxb7 Rb8 11.Qa6 exf5 12.Rc1 Qe6+ 13.Be2 Rb6 14.Qa4 Bb4 15.Bxb4 Nxb4
16.O-O O-O 17.Bc4 Qd6 18.a3 Nd5 19.Bxd5 Qxd5 20.Rc5 Qd6 21.Rfc1 Nd8 22.b4 Ne6
23.Qc2 g6 24.d5 Nf4 25.Rxc7 Qxd5 26.Rd1 Qa8 27.Rc4 Nh5 28.Nd4 Rf6 29.b5 a6
30.a4 axb5 31.axb5 Rd6 32.Nc6 Re6 33.Rcd4 Qe8 34.Qc3 f6 35.Rd8 Qf7 36.Rxf8+ Qxf8
37.b6 Kg7 38.b7 Nf4 39.Qc4 Qd6 40.Qf1 Ne2+ 41.Kh1 Qxc6 42.b8=Q f4 43.Qb3  1-0

[Event "11th IHEM"]
[Site "Hamburg GER"]
[Date "2008.05.17"]
[Round "9"]
[White "Foerster,A"]
[Black "Maahs,E"]
[Result "1-0"]
[WhiteElo "2232"]
[BlackElo "2163"]

1.d4 d5 2.c4 Nc6 3.e3 e5 4.dxe5 d4 5.a3 a5 6.Nf3 Bc5 7.exd4 Bxd4 8.Be2 Bxe5
9.Qxd8+ Kxd8 10.Nxe5 Nxe5 11.O-O Be6 12.f4 Nc6 13.Rd1+ Kc8 14.Nc3 Nge7 15.Be3 h5
16.b3 g6 17.h3 Nf5 18.Bf2 h4 19.Ne4 Nb8 20.b4 Rd8 21.b5 Nd7 22.Rac1 Nb6 23.Rxd8+ Kxd8
24.Nc5 Kc8 25.Bd3 Ng3 26.Bxg3 hxg3 27.Nxe6 fxe6 28.Bxg6 Kd7 29.f5 exf5 30.Bxf5+ Ke7
31.Be4 Rb8 32.Rc3 Ke6 33.Rxg3 Nxc4 34.Rc3 Nd6 35.Bd3 Kd7 36.g4 Re8 37.Kf2 Ne4+
38.Bxe4 Rxe4 39.Rd3+ Kc8 40.Kf3 Re1 41.h4 Rb1 42.g5 Rxb5 43.g6 Rb1 44.Kg4 Re1
45.g7 Re8 46.Rf3 Rg8 47.Rf8+  1-0

[Event "XXX Nezhmetdinov Mem"]
[Site "Kazan RUS"]
[Date "2008.06.06"]
[Round "6"]
[White "Sakharov,L"]
[Black "Hamidullin,A"]
[Result "0-1"]
[WhiteElo "2094"]
[BlackElo "2255"]

1.d4 d5 2.c4 Nc6 3.cxd5 Qxd5 4.e3 e5 5.Nc3 Bb4 6.Bd2 Bxc3 7.bxc3 Nf6 8.c4 Qd6
9.d5 Ne7 10.Qa4+ Bd7 11.Qb3 c6 12.Qxb7 Rb8 13.c5 Rxb7 14.cxd6 Nexd5 15.Nf3 e4
16.Nd4 Nb4 17.a3 Nd3+ 18.Bxd3 exd3 19.Rc1 Ne4 20.Nxc6 Rb2 21.Ne5 Rxd2 22.O-O f6
23.Rb1 Nxd6  0-1

[Event "XXX Nezhmetdinov Mem"]
[Site "Kazan RUS"]
[Date "2008.06.07"]
[Round "7"]
[White "Bessolitcin,M"]
[Black "Kudriashova,I"]
[Result "1/2-1/2"]
[WhiteElo "1868"]
[BlackElo "2197"]

1.d4 d5 2.c4 Nc6 3.cxd5 Qxd5 4.Nf3 e5 5.Nc3 Bb4 6.Bd2 Bxc3 7.Bxc3 e4 8.Ne5 Nge7
9.e3 Nxe5 10.dxe5 Qxd1+ 11.Rxd1 Be6 12.b3 Bd5 13.Be2 O-O-O 14.O-O Rhe8 15.f4 exf3
16.gxf3 Be6 17.e4 Rxd1 18.Rxd1 Ng6 19.Kf2 Nf4 20.Ke3 g5 21.Rg1 h6 22.Bf1 Ng6
23.Rg3 Bd7 24.Bh3 Nxe5 25.Bxd7+ Kxd7 26.Rh3 Re6 27.Bxe5 Rxe5 28.Rxh6 Ra5
29.a4 b5 30.Rf6 bxa4 31.bxa4 Ke7 32.Rc6 Rxa4 33.Rxc7+ Kf6 34.Rc6+ Ke7 35.Rc7+ Ke6
36.Rc6+ Kd7 37.Rf6 Ke7 38.Rf5 f6 39.Rb5 Ke6 40.Rb2 Ra3+ 41.Kf2 a6 42.Kg3 Ke5
43.Kg4 Ra1 44.Kg3 Kd4 45.Rb6 Ke5 46.h4 gxh4+ 47.Kxh4 a5 48.Kg3 a4 49.Rb5+ Kd4
50.Kf4 a3 51.Rb8 Kc3 52.Kf5 Rf1 53.Kxf6 Rxf3+ 54.Ke6 a2 55.Ra8 Kb2 56.Rxa2+ Kxa2
57.e5 Kb3 58.Kd5 Rd3+ 59.Kc5 Re3 60.Kd6 Kc4 61.e6 Kb5 62.e7 Kb6 63.Kd7 Rd3+
64.Ke6 Re3+ 65.Kd7 Rd3+ 66.Ke6 Kc7 67.e8=Q Re3+ 68.Kf7 Rxe8 69.Kxe8  1/2-1/2

[Event "TCh-BIH"]
[Site "Neum BIH"]
[Date "2008.06.09"]
[Round "6"]
[White "Saric,A"]
[Black "Miladinovic,I"]
[Result "1/2-1/2"]
[WhiteElo "2505"]
[BlackElo "2579"]

1.d4 d5 2.c4 Nc6 3.Nc3 Nf6 4.cxd5 Nxd5 5.Nf3 Bg4 6.e4 Nxc3 7.bxc3 e5 8.d5 Nb8
9.Qa4+ Bd7 10.Qb3 b6 11.Nxe5 Qe7 12.Bf4 f6 13.Nxd7 Qxe4+ 14.Be3 Nxd7 15.Bb5 Bd6
16.O-O Qe5 17.g3 Qf5 18.Qa4 Rd8 19.Rfe1 Kf8 20.Bd4 Ne5 21.Bxe5 fxe5 22.Re3 g6
23.Be2 Kg7 24.Bg4 Qf7 25.Be6 Qf6  1/2-1/2

[Event "FSIM June"]
[Site "Budapest HUN"]
[Date "2008.06.11"]
[Round "5"]
[White "Schmidt,Rau"]
[Black "Lyell,M"]
[Result "1/2-1/2"]
[WhiteElo "2343"]
[BlackElo "2237"]

1.d4 d5 2.c4 Nc6 3.cxd5 Qxd5 4.e3 e5 5.Nc3 Bb4 6.Bd2 Bxc3 7.Bxc3 exd4 8.Ne2 Nf6
9.Nxd4 O-O 10.Nb5 Qg5 11.Nxc7 Bg4 12.Qb3 Rad8 13.Qxb7 Rd6 14.Qb5 Qg6 15.f3 Bf5
16.Kf2 Rc8 17.Na6 Nd5 18.Rd1 Qe6 19.e4 Bxe4 20.Nc5 Nxc3 21.Nxe6 Nxd1+ 22.Kg1 fxe6
23.fxe4 Rf8 24.h3 Ne3 25.Kh2 Nd4 26.Qc5 Rdd8 27.Qa5 Rc8 28.Qd2 Nxf1+ 29.Rxf1 Rxf1
30.Qxd4 Rf7 31.b4 h6 32.Qd6 Re8 33.e5 Ree7 34.b5 Rc7  1/2-1/2

[Event "Serbia Cup"]
[Site "Zlatibor SRB"]
[Date "2008.06.20"]
[Round "5"]
[White "Bakic,R"]
[Black "Jovanovic,Milo"]
[Result "1-0"]
[WhiteElo "2385"]
[BlackElo "2254"]

1.d4 d5 2.c4 Nc6 3.Nc3 Nf6 4.Nf3 Bg4 5.cxd5 Nxd5 6.e4 Nxc3 7.bxc3 e5 8.d5 Nb8
9.Qa4+ Nd7 10.Nxe5 Qf6 11.Be2 b5 12.Qxb5 Rb8 13.Qa4 Bb4 14.O-O O-O 15.Nxg4 Qxc3
16.Be3 Nc5 17.Bxc5 Qxc5 18.Rac1 Qe7 19.Bf3 f5 20.exf5 Rxf5 21.Rb1 h5 22.Ne3 Rxf3
23.gxf3 Rb6 24.Kh1 Qf7 25.Rxb4 Qxf3+ 26.Ng2 Rg6 27.Qe8+ Kh7 28.Qe4 Qh3 29.Rb3  1-0

[Event "22th Open"]
[Site "Pula CRO"]
[Date "2008.06.22"]
[Round "2"]
[White "Franic,M"]
[Black "Pelagatti,A"]
[Result "1/2-1/2"]
[WhiteElo "2401"]
[BlackElo "2138"]

1.d4 d5 2.c4 Nc6 3.Nc3 dxc4 4.d5 Ne5 5.Qd4 Ng6 6.Qxc4 a6 7.g3 e5 8.Bg2 Bd6
9.Nf3 Nf6 10.O-O O-O 11.Bg5 h6 12.Bxf6 Qxf6 13.Ne4 Qe7 14.Rac1 Bd7 15.Rc2 Rfc8
16.Rfc1 f5 17.Nc5 Bxc5 18.Qxc5 Qd6 19.Nd2 b5 20.Nb3 a5 21.Qxd6 cxd6 22.Rxc8+ Rxc8
23.Rxc8+ Bxc8 24.Nxa5 Ne7 25.e4 g5 26.a3 Kf8 27.f3 Bd7 28.Kf2 Ke8 29.Nb7 Nc8
30.Ke3 Ke7 31.Kd2 Nb6 32.b3 g4 33.Na5 gxf3 34.Bxf3 Ke8 35.exf5 Bxf5 36.Nc6 Kd7
37.Nb4 Kc7 38.g4 Bg6 39.Ke3 Nd7 40.Be4 Bf7 41.Nd3 Nf6 42.h3 Nxd5+ 43.Kd2 Nf6
44.Bf5 Bxb3 45.h4 Bc4 46.g5 hxg5 47.hxg5 Ne8 48.Kc3 Kb6 49.Kb4 Ng7 50.Bh7 Ne6
51.Bg8 Nxg5 52.Bxc4 bxc4  1/2-1/2

[Event "White Nights Open"]
[Site "St Petersburg RUS"]
[Date "2008.06.23"]
[Round "3"]
[White "Golovenchits,B"]
[Black "Turetsky,M"]
[Result "1-0"]
[WhiteElo "2034"]
[BlackElo "1684"]

1.d4 d5 2.c4 Nc6 3.Nc3 e6 4.Nf3 Nf6 5.Bg5 Be7 6.e3 h6 7.Bh4 dxc4 8.Bxc4 O-O
9.Rc1 Nd5 10.Bg3 Nxc3 11.bxc3 Bd6 12.Rb1 b6 13.e4 Na5 14.Bd3 Bb7 15.c4 Nc6
16.e5 Bb4+ 17.Kf1 Be7 18.h4 Kh8 19.Be4 Na5 20.Bxb7 Nxb7 21.Bf4 f6 22.Qd2 Rf7
23.exf6 Bxf6 24.Qe3 Qe7 25.Qe4 Rb8 26.Ng5 Bxg5 27.hxg5 Nd6 28.Bxd6 cxd6 29.gxh6 g5
30.Re1 Qf6 31.f3 Re8 32.Rh5 Qf5 33.Kf2 Ree7 34.Re2 Qxe4 35.Rxe4 Rf5 36.d5 e5
37.g4 Rf6 38.Rxg5 Kh7 39.Kg2 Kxh6 40.Rg8 Kh7 41.Rc8 Ref7 42.Re3 Rf4 43.Rc6 R4f6
44.a4 Kg6 45.Kg3 Kh6 46.Kh4 Kg6 47.Ra3 Rh7+ 48.Kg3 Rhf7 49.Re3 Kg5 50.a5 bxa5
51.c5 e4 52.fxe4 Rf1 53.cxd6 Rg1+ 54.Kh2 Rff1 55.Rc2 Rh1+ 56.Kg3 Rhg1+ 57.Rg2 Rh1
58.d7 Rf8 59.Rf3 Rd8 60.Rf7 Rdh8 61.Rf5+ Kg6 62.Rgf2 R1h3+ 63.Kf4 Rd8 64.Rg5+ Kf6
65.e5+ Ke7 66.e6 Rb3 67.Rf5 Kd6 68.Rf7 Rg8 69.Kf5 Rd3 70.Rc2 Rxd5+ 71.Kf6 Rd4
72.Kf5 Rd5+ 73.Kf4 Rd4+ 74.Kf3 Rdxg4 75.d8=Q+  1-0

[Event "22th Open"]
[Site "Pula CRO"]
[Date "2008.06.25"]
[Round "6"]
[White "Kuljasevic,D"]
[Black "Papp,T1"]
[Result "1-0"]
[WhiteElo "2502"]
[BlackElo "2263"]

1.d4 d5 2.c4 Nc6 3.Nc3 dxc4 4.Nf3 Nf6 5.e4 Bg4 6.Be3 e5 7.d5 Bxf3 8.gxf3 Nb8
9.f4 Nbd7 10.Bxc4 Bb4 11.fxe5 Bxc3+ 12.bxc3 Nxe5 13.Be2 O-O 14.O-O Ng6 15.f3 Qd6
16.Qd2 Rfe8 17.c4 c5 18.Bd3 Ne5 19.Rae1 b6 20.Kh1 Nxd3 21.Qxd3 Re7 22.Bg5 Rae8
23.Bh4 Qf4 24.Bg3 Qh6 25.e5 Nh5 26.f4 f5 27.e6 Nxg3+ 28.Qxg3 Rd8 29.Re5 Qf6
30.a4 a6 31.Rb1 Rb8 32.Qe3 Kf8 33.a5 Reb7 34.Rxb6 Rxb6 35.axb6 Qe7 36.Rxf5+ Ke8
37.Rf7 Qd6 38.Rxg7 Qxb6 39.Qe5 Qb1+ 40.Rg1  1-0

[Event "White Nights Open"]
[Site "St Petersburg RUS"]
[Date "2008.06.25"]
[Round "5"]
[White "Kaganov,D"]
[Black "Voronenkov,S"]
[Result "1-0"]
[WhiteElo "2106"]
[BlackElo "1979"]

1.d4 d5 2.c4 Nc6 3.cxd5 Qxd5 4.Nf3 e5 5.Nc3 Bb4 6.Bd2 Bxc3 7.Bxc3 e4 8.Nd2 Nf6
9.e3 Bg4 10.f3 exf3 11.gxf3 Bh5 12.Rg1 O-O-O 13.Be2 Rhe8 14.e4 Qd7 15.d5 Nxd5
16.exd5 Qxd5 17.Qa4 Qd3 18.Rg2 f5 19.Qf4 Nd4 20.Bxd4 Rxd4 21.Ne4 fxe4 22.Qf5+ Kb8
23.Bxd3 exf3+ 24.Kd2 fxg2 25.Qxh5 Red8 26.Qxh7 c5 27.b3 b5 28.Ke3 c4 29.bxc4 bxc4
30.Rb1+ Kc8 31.Bf5+ Kc7 32.Qxg7+ Kc6 33.Qxd4  1-0

[Event "XII Izmailov Mem"]
[Site "Tomsk RUS"]
[Date "2008.06.26"]
[Round "2"]
[White "Tuzhik,A"]
[Black "Zablotsky,S"]
[Result "0-1"]
[WhiteElo "2328"]
[BlackElo "2508"]

1.d4 d5 2.c4 Nc6 3.cxd5 Qxd5 4.Nf3 e5 5.Nc3 Bb4 6.Bd2 Bxc3 7.Bxc3 e4 8.Nd2 e3
9.fxe3 Nf6 10.e4 Nxe4 11.Nxe4 Qxe4 12.d5 Ne7 13.Bxg7 Rg8 14.Qd4 Bf5 15.Rc1 Nxd5
16.Rc4 Qxd4 17.Bxd4 O-O-O 18.Kf2 b6 19.e4 Bxe4 20.Bxb6 Bxg2 21.Bxg2 axb6
22.Re1 Nf4 23.Bc6 Nd3+ 24.Kf1 Rg6 25.Re7 Nc5 26.Bf3 Rf6 27.Ke2 Rdd6 28.b4 Ne6
29.Rxe6  0-1

[Event "1st Tournoi Circuit Espoirs Europe"]
[Site "Lyon FRA"]
[Date "2008.06.27"]
[Round "5"]
[White "Sachdev,T"]
[Black "Milliet,S"]
[Result "1-0"]
[WhiteElo "2423"]
[BlackElo "2354"]

1.d4 d5 2.c4 Nc6 3.Nf3 Bg4 4.e3 e6 5.Nc3 Nf6 6.h3 Bxf3 7.Qxf3 Bd6 8.c5 Be7
9.Bb5 O-O 10.O-O e5 11.Rd1 e4 12.Qe2 Nb8 13.Ba4 c6 14.b4 a6 15.Bc2 Nbd7 16.a4 Ne8
17.Bd2 f5 18.b5 Bg5 19.f4 exf3 20.Qxf3 g6 21.Nxd5 axb5 22.Nf4 Bxf4 23.exf4 bxa4
24.Bxa4 Ndf6 25.Bb3+ Kg7 26.Rxa8 Qxa8 27.d5 cxd5 28.Bc3 Qa3 29.Qxd5 Kh6 30.Qc4 Ne4
31.Bd4 Qa5 32.Qe2 Nxc5 33.Qf2 Nf6 34.Bxc5 Re8 35.Bd4 Ng8  1-0

[Event "White Nights Open"]
[Site "St Petersburg RUS"]
[Date "2008.06.27"]
[Round "7"]
[White "Kushka,A"]
[Black "Voronenkov,S"]
[Result "1/2-1/2"]
[WhiteElo "2102"]
[BlackElo "1979"]

1.d4 d5 2.c4 Nc6 3.Nf3 Bg4 4.e3 e5 5.Be2 e4 6.Nfd2 Bxe2 7.Kxe2 Nf6 8.a3 Qd7
9.Kf1 O-O-O 10.Nc3 Qf5 11.Qe2 dxc4 12.Nxc4 h5 13.b4 Bd6 14.Nb5 Ne8 15.Nbxd6+ Nxd6
16.Bd2 Rh6 17.Nxd6+ Rhxd6 18.Rc1 h4 19.b5 Ne7 20.Bb4 R6d7 21.Bxe7 Rxe7 22.h3 Kb8
23.a4 g5 24.Kg1 Qg6 25.a5 f5 26.a6 f4 27.axb7 Rf8 28.Qg4 Kxb7 29.Rc5 fxe3
30.fxe3 Rg7 31.Re5 Re8 32.Rxe8 Qxe8 33.Qf5 Qe7 34.Qd5+ Kb8 35.Kh2 Qd6+ 36.Qxd6 cxd6
37.Rf1 Kc7 38.Rf5 Kd7 39.g4 Ke6 40.Kg2 Rg6 41.Kf2 Rf6 42.Rxf6+ Kxf6 43.Ke2 Ke6
44.Kd2 Kd7 45.Kc3 Kc7 46.Kc4 Kb6 47.Kb4 d5  1/2-1/2

[Event "XVI Open"]
[Site "Montcada i Reixac ESP"]
[Date "2008.06.28"]
[Round "4"]
[White "Munoz Pantoja,M"]
[Black "Asis Gargatagli,H"]
[Result "0-1"]
[WhiteElo "2478"]
[BlackElo "2390"]

1.d4 d5 2.c4 Nc6 3.cxd5 Qxd5 4.Nf3 e5 5.Nc3 Bb4 6.Bd2 Bxc3 7.Bxc3 e4 8.Nd2 Nf6
9.e3 O-O 10.Qc2 Re8 11.Nc4 Be6 12.Nd2 Rad8 13.Nb3 b6 14.Bd2 Rd6 15.Nc1 Qf5
16.Bc3 b5 17.Ne2 b4 18.Bd2 Ng4 19.Nf4 Nxd4 20.Qd1 Bxa2 21.Rxa2 b3 22.Ra5 Qxa5
23.exd4 Qf5 24.Be2 Nxf2 25.Kxf2 Rxd4 26.g4 e3+ 27.Bxe3 Rxd1 28.gxf5 Rxh1
29.f6 Rxh2+ 30.Kf3 g5 31.Nd5 g4+ 32.Kf4 Rxe2 33.Ne7+ Kf8  0-1

[Event "Atlantis Meestertienkamp"]
[Site "Groningen NED"]
[Date "2008.07.01"]
[Round "5"]
[White "Becker,Mart"]
[Black "Wemmers,X"]
[Result "0-1"]
[WhiteElo "2364"]
[BlackElo "2387"]

1.d4 d5 2.c4 Nc6 3.cxd5 Qxd5 4.e3 e5 5.Nc3 Bb4 6.Bd2 Bxc3 7.bxc3 Qd6 8.Bd3 Nge7
9.Qb1 b6 10.Ne2 a5 11.O-O Ba6 12.Bxa6 Rxa6 13.Qb5 Ra8 14.e4 O-O 15.d5 Na7
16.Qb3 Nac8 17.c4 Qg6 18.f4 b5 19.Ng3 Nd6 20.fxe5 Nxc4 21.Bc3 Qb6+ 22.Kh1 a4
23.Qb1 Ng6 24.Rf5 Rfe8 25.e6 fxe6 26.dxe6 Qxe6 27.Qxb5 Nd6 28.Qb4 Nxe4 29.Qxe4 Qxe4
30.Nxe4 Rxe4 31.Rc5 Re7 32.Rc1 Rf8 33.Bd4 Nf4 34.Rxc7 Rxc7 35.Rxc7 Ne6 36.Rc4 Nxd4
37.g3 Nf5 38.Rxa4 Ne3 39.h4 h5 40.Ra5 g6 41.Ra7 Rf5 42.a3 Nc4 43.Kg2 Na5
44.a4 Nc6 45.Rc7 Rf6 46.Rb7 Rd6 47.Kf3 Ne5+ 48.Ke4 Nd7 49.Rc7 Kf7 50.Kf4 Kf6
51.Rc4 Ra6 52.Ke3 Ne5 53.Rf4+ Ke6 54.Rb4 Ra5 55.Rb6+ Kf5 56.Rb4 Rc5 57.Kd4 Rc1
58.Rb5 Rc4+  0-1

[Event "ChInt Open"]
[Site "Paris FRA"]
[Date "2008.07.02"]
[Round "5"]
[White "Tarasova,Viktoriy"]
[Black "Mayaud,R"]
[Result "0-1"]
[WhiteElo "2276"]
[BlackElo "2201"]

1.d4 d5 2.c4 Nc6 3.Nc3 dxc4 4.d5 Ne5 5.Qd4 Ng6 6.e4 e5 7.Qxc4 Bd6 8.Nf3 Nf6
9.h4 h5 10.Bg5 a6 11.a4 Bg4 12.Nh2 Bd7 13.Qb3 Qe7 14.Qxb7 O-O 15.Qb3 Rfb8
16.Qc2 Rb4 17.Be2 Rab8 18.Rb1 Nf4 19.Bf1 Bc5 20.Nf3 Bd4 21.Nxd4 exd4 22.Bxf4 dxc3
23.Bd3 Bxa4 24.Qxc3 Rxe4+ 25.Be3 Rxe3+ 26.fxe3 Qxe3+ 27.Kf1  0-1

[Event "World Open"]
[Site "Philadelphia USA"]
[Date "2008.07.03"]
[Round "2"]
[White "Yeager,D"]
[Black "Stripunsky,A"]
[Result "1-0"]
[WhiteElo "2335"]
[BlackElo "2553"]

1.d4 d5 2.c4 Nc6 3.Nc3 dxc4 4.Nf3 Nf6 5.e4 Bg4 6.Be3 Bxf3 7.gxf3 e5 8.d5 Nb8
9.Bxc4 Nbd7 10.Qb3 Bc5 11.Qxb7 Rb8 12.Qa6 Bxe3 13.fxe3 Rxb2 14.O-O-O Rb4
15.Bb5 O-O 16.Qa3 Rxb5 17.Nxb5 Qb8 18.Nxa7 Qb7 19.Nc6 Ra8 20.Qb4 Qa6 21.Rd2 Nb6
22.Nxe5 Nfd7 23.Nxd7 Nxd7 24.Qc3 Qd6 25.Kb2 Nb6 26.Ka1 Ra3 27.Qd4 Ra4 28.Qc3 Rc4
29.Qb2 Qc5 30.Re2 h5 31.Rg1 g6 32.Ree1 Na4 33.Qf6 Rc2 34.Rb1 Qa7 35.Qd8+ Kh7
36.Rb8  1-0

[Event "XXXI Open"]
[Site "Barbera del Valles ESP"]
[Date "2008.07.04"]
[Round "1"]
[White "Danelia,M"]
[Black "Perez Mitjans,O"]
[Result "0-1"]
[WhiteElo "2185"]
[BlackElo "2438"]

1.d4 d5 2.c4 Nc6 3.Nf3 Bg4 4.Nc3 e6 5.Bf4 Bxf3 6.exf3 dxc4 7.Bxc4 Qxd4 8.Qxd4 Nxd4
9.O-O-O O-O-O 10.Rd2 a6 11.Rhd1 Nc6 12.Rxd8+ Nxd8 13.Ne4 Be7 14.Kb1 Nf6 15.Rc1 Nh5
16.Bd2 h6 17.g4 Nf6 18.Bf4 Nxe4 19.fxe4 Bg5 20.Be3 Bxe3 21.fxe3 Kd7 22.Rd1+ Ke7
23.Rc1 e5 24.h4 c6 25.Kc2 Ne6 26.Bxe6 Kxe6 27.Kd2 Rd8+ 28.Ke2 Rd6 29.Rc3 Kd7
30.a4 f6 31.a5 Kc7 32.b4 Rd8 33.Rc5 Rb8 34.Kd3 b6 35.axb6+ Rxb6 36.Rc4 Rb5
37.Kc3 Kb6 38.Kd3 c5 39.bxc5+ Rxc5 40.Rb4+ Rb5 41.Rc4 Rb3+ 42.Ke2 Rb2+ 43.Kf3 a5
44.h5 Rb4 45.Rc8 a4 46.Rb8+ Kc5 47.Ra8 Kc4 48.Ra7 Kb3 49.Rxg7 a3 50.Ra7 a2  0-1

[Event "ch-BEL"]
[Site "Eupen BEL"]
[Date "2008.07.09"]
[Round "5"]
[White "Meessen,R"]
[Black "Denayer,E"]
[Result "1-0"]
[WhiteElo "2287"]
[BlackElo "2265"]

1.d4 d5 2.c4 Nc6 3.Nc3 dxc4 4.Nf3 Bg4 5.d5 Bxf3 6.exf3 Ne5 7.Bf4 f6 8.Bxe5 fxe5
9.Bxc4 Nf6 10.Qe2 Qd6 11.O-O a6 12.Rfe1 Nd7 13.Ne4 Qh6 14.b4 g5 15.Qe3 Nb6
16.Bb3 O-O-O 17.Rad1 g4 18.Qxh6 Bxh6 19.fxg4 Nd7 20.g5 Bg7 21.Rd3 Kb8 22.h4 Rhf8
23.a4 b6 24.g3 a5 25.bxa5 bxa5 26.Rc1 Rc8 27.Rc6 Rfd8 28.Bc4 Ka7 29.Ra6+  1-0

[Event "XXXI Open"]
[Site "Barbera del Valles ESP"]
[Date "2008.07.11"]
[Round "7"]
[White "Mihailovs,J"]
[Black "Perez Mitjans,O"]
[Result "0-1"]
[WhiteElo "2388"]
[BlackElo "2438"]

1.d4 d5 2.c4 Nc6 3.Nf3 Bg4 4.cxd5 Bxf3 5.gxf3 Qxd5 6.e3 e5 7.Nc3 Bb4 8.Bd2 Bxc3
9.bxc3 Qd6 10.Rb1 O-O-O 11.Qb3 b6 12.Qxf7 exd4 13.cxd4 Kb8 14.Bb5 Nge7 15.Qc4 Rhf8
16.f4 Qg6 17.Qd3 Nf5 18.Rc1 Ncxd4 19.exd4 Rxd4 20.Qf3 Qe6+ 21.Be3 Nxe3 22.fxe3 Rdxf4
23.Qe2 Rf3 24.Rc3 Qe5 25.Qd3 Qg5 26.Bc6 R3f6 27.Qe4 Qa5 28.Qc4 Rf5 29.Ke2 Rc5
30.Qxc5 bxc5 31.Rb3+ Kc8 32.Rhb1 Qa6+  0-1

[Event "7th Open"]
[Site "La Fere FRA"]
[Date "2008.07.11"]
[Round "8"]
[White "Van Kampen,R"]
[Black "Cappon,J"]
[Result "1/2-1/2"]
[WhiteElo "2294"]
[BlackElo "2221"]

1.d4 d5 2.c4 Nc6 3.Nf3 Bg4 4.Nc3 e6 5.e3 Bb4 6.a3 Bxc3+ 7.bxc3 Nge7 8.Be2 O-O
9.O-O dxc4 10.Bxc4 Na5 11.Bd3 Ng6 12.h3 Bxf3 13.Qxf3 Nb3 14.Rb1 Nxc1 15.Rfxc1 b6
16.a4 c5 17.a5 Rc8 18.axb6 axb6 19.Ba6 Rc7 20.Rd1 Rd7 21.Bb5 Rd6 22.Ra1 Qe7
23.Rdb1 Rfd8 24.Ra6 e5 25.dxc5 Rf6 26.Qe4 Qxc5 27.Ra8 Rxa8 28.Qxa8+ Nf8 29.Rb3 g6
30.Qe4 Qc7 31.Bc4 Ne6 32.Qh4 Kg7 33.Bxe6  1/2-1/2